Które miasto w Australii? - Statystyki

Ogólne statystyki
  • Ten quiz został rozwiązany 765 razy
  • Średni wynik to 9 z 20
Statystyki odpowiedzi
Wskazówka Miasto % Poprawnych
Stolica Australii Canberra
98%
Pierwsza europejska osada w Australii Sydney
95%
Najbardziej wysunięte na południe duże miasto na świecie Melbourne
90%
Najbardziej odizolowane duże miasto na świecie Perth
82%
Stolica Queensland Brisbane
78%
Stolica terytorialna nazwana na cześć wybitnego naukowca XIX wieku Darwin
59%
W pobliżu winnic Barossa Valley Adelaide
55%
Na tym „wybrzeżu” znajdują się Surfers Paradise i Burleigh Heads {Gold} Coast
51%
Dzieli nazwę z miastem w północno-wschodniej Anglii Newcastle
50%
Stolica Tasmanii Hobart
46%
Miasto liczące ponad 25 000 mieszkańców, położone w pobliżu geograficznego środka Australii Alice Springs
35%
Drugie „wybrzeże” Queenslandu {Sunshine} Coast
20%
„Gong” w nadmorskim regionie Illawarra w Nowej Południowej Walii {Wollong}ong
19%
Brama do Wielkiej Rafy Koralowej dla większości turystów Cairns
17%
Nieoficjalna stolica tropikalnego północnego Queenslandu, której nazwa jest synonimem „Cityburg” Townsville
16%
Miasto portowe na południowy zachód od powyższego Geelong
14%
„Zatoka” w najdalej na wschód wysuniętym punkcie kontynentalnej Australii {Byron} Bay
12%
Miasta w Victorii, w których rozwija się gorączka złota Ballarat
10%
Drugie co do wielkości miasto w Tasmanii, znane ze swojej architektury Launceston
10%
Miasta w Victorii, w których rozwija się gorączka złota Bendigo
9%
Nie znaleziono quizów pasujących do podanych kryteriów
Rozkład punktacji
Procent ludzi z każdym wynikiem
Percentyl według liczby udzielonych odpowiedzi
Twoja historia wyników
Nie rozwiązałeś tego quizu